Ako podnikať

Z obsahu: Ako získať ľudí. Keď nábor zaváňa nudou. Firmy na Slovensku kreativitu pri hľadaní zamestnancov iba objavujú. Nové trendy áno, ale len keď zvýšia výkonnosť (firmy). Efektívny predajca - oživenie spolupráce. Ako začať kariéru. Silným sebavedomím k výhre, alebo prehre. Ako prejaviť zdravé se...

Descrizione completa

Salvato in:
Dettagli Bibliografici
Natura: Capitolo di libro
Lingua:slovacco
Soggetti:
Tags: Aggiungi Tag
Nessun Tag, puoi essere il primo ad aggiungerne!!

MARC

LEADER 00000naa$a2200000$$$4500
001 0055214
005 20231009073147.8
041 0 |a slo 
044 |a SK 
245 1 0 |a Ako podnikať 
520 |a Z obsahu: Ako získať ľudí. Keď nábor zaváňa nudou. Firmy na Slovensku kreativitu pri hľadaní zamestnancov iba objavujú. Nové trendy áno, ale len keď zvýšia výkonnosť (firmy). Efektívny predajca - oživenie spolupráce. Ako začať kariéru. Silným sebavedomím k výhre, alebo prehre. Ako prejaviť zdravé sebavedomie. 
610 2 0 |a podnikanie 
610 2 0 |a nábor pracovníkov 
610 2 0 |a zamestnanci 
610 2 0 |a kreativita 
610 2 0 |a firmy 
610 2 0 |a predajcovia 
610 2 0 |a poradenstvo